| 000 | 03200cam a22006254i 4500 | ||
|---|---|---|---|
| 003 | PE-LiUPU | ||
| 005 | 20250731173013.0 | ||
| 008 | 150623s1987 pe a rb 000 0 spa d | ||
| 035 | _a(Sirsi) a23079 | ||
| 040 |
_aPE-LiUPU _bspa _cPE-LiUPU _erda |
||
| 049 | _aPRUA | ||
| 082 | 0 | 4 |
_a222.1 _bV59 _221 |
| 082 | 0 | 4 |
_a222.1 _bV62 1987 |
| 100 | 1 |
_aVicuña Arrieta, Máximo Q., _d1936-, _eautor. |
|
| 245 | 1 | 0 |
_aTeología del pentateuco : _bsílabo desarrollado / _cMaximo Vicuña Arrieta. |
| 264 | 1 |
_aLima : _bUniversidad Unión Incaica, Facultad de Teología, _c1987. |
|
| 300 |
_a87 páginas ; _c28 centímetros. |
||
| 336 |
_atext _2rdacontent |
||
| 337 |
_aunmediated _2rdamedia |
||
| 338 |
_avolume _2rdacarrier |
||
| 504 | _aIncluye bibliografía. | ||
| 505 | 0 | _aRazón del nombre Pentateuco -- Argumento de cada libro del Pentateuco -- Partes del Pentateuco -- Importancia del Pentateuco -- El Pentateuco y la alta crítica. | |
| 526 | _aSEG42 | ||
| 526 | _aSEG41 | ||
| 526 | _aSEG40 | ||
| 526 | _aSEG39 | ||
| 526 | _aP94 | ||
| 526 | _aP87 | ||
| 526 | _aP86 | ||
| 526 | _aP85 | ||
| 526 | _aP77 | ||
| 526 | _aP76 | ||
| 526 | _aP35 | ||
| 630 |
_aBiblia. _pA.T. _pPentateuco _xEstudio y enseñanza. |
||
| 910 |
_btqv _cwelc _d20171226 |
||
| 942 |
_2ddc _cBOOK |
||
| 949 |
_a222.1 V59 _wDEWEY _c1 _i29671 _lCCODEBUL1 _mBUL _p00.00 _r0 _sY _tBOOK _u2015-06-24 _xTEOLOGIA _PP35 _0COMPRA _o.STAFF. Colección General |
||
| 949 |
_a222.1 V59 _wDEWEY _c2 _i32393 _lCCODEBUL1 _mBUL _p00.00 _r0 _sY _tBOOK _u2015-06-24 _xTEOLOGIA _PP35 _0COMPRA _o.STAFF. Colección General |
||
| 949 |
_a222.1 V59 _wDEWEY _c3 _i29158 _lCCODEBUL1 _mBUL _p00.00 _r0 _sY _tBOOK _u2015-06-24 _xTEOLOGIA _PP35 _0COMPRA _o.STAFF. Colección General |
||
| 949 |
_a222.1 V59 _wDEWEY _c4 _i29159 _lCCODEBUL1 _mBUL _p00.00 _r0 _sY _tBOOK _u2015-06-24 _xTEOLOGIA _PP35 _0COMPRA _o.STAFF. Colección General |
||
| 949 |
_a222.1 V62 1987 _wDEWEY _c1 _iFJ09805 _lCCODEBUJ1 _mBUJ _p2.90 _r0 _sY _tBOOK _u2017-12-26 _xBIBLIOTECA _zUNKNOWN _0DONACION _o.STAFF. Colección General Juliaca |
||
| 596 | _a1 2 3 | ||
| 999 |
_a222.1 V59 _wDEWEY _c23716 _i29671 _d23716 _f2021-11-11 _g5 _lCCODEBUL1 _mBUL _q1 _r0 _sY _tBOOK _u2015-6-24 _xTEOLOGIA _PP35 _0COMPRA _o.STAFF. Colección General |
||
| 999 |
_a222.1 V59 _wDEWEY _c2 _i32393 _f2019-12-9 _g3 _lDISCARD _mBUL _r1 _sY _tBOOK _u2015-6-24 _xTEOLOGIA _PP35 _0COMPRA _o.STAFF. Colección General |
||
| 999 |
_a222.1 V59 _wDEWEY _c3 _i29158 _d2018-5-24 _f2019-12-9 _g4 _lDISCARD _mBUL _q1 _r1 _sY _tBOOK _u2015-6-24 _xTEOLOGIA _PP35 _0COMPRA _o.STAFF. Colección General |
||
| 999 |
_a222.1 V59 _wDEWEY _c4 _i29159 _f2017-2-15 _g1 _lLOST _mBUL _r1 _sY _tBOOK _u2015-6-24 _xTEOLOGIA _PP35 _0COMPRA _o.STAFF. Colección General |
||
| 999 |
_a222.1 V62 _wDEWEY _c1 _iFT00368 _lCCODEBUT1 _mBUT _r0 _sY _tBOOK _u2015-11-3 _xBIBLIOTECA _zUNKNOWN _0DONACION _o.STAFF. Colección General |
||
| 999 |
_a222.1 V62 1987 _wDEWEY _c1 _iFJ09805 _f2022-2-3 _g4 _lCCODEBUJ1 _mBUJ _p2.90 _r0 _sY _tBOOK _u2017-12-26 _xBIBLIOTECA _zUNKNOWN _0DONACION _o.STAFF. Colección General Juliaca |
||
| 980 |
_81 _gALBERTO SANCHEZ Responsable de Automatización |
||